00450nam a22001457a 4500008004100000020001700041040005500058080002300113100001700136245008400153260003300237300001000270650001400280653001000294230612b |||||||| |||| 00| 0 eng d a81-8584-58-4 aNational Science LibrarycNational Science Library aR 912.43(540) bM9 aGole, Susan  aIndian maps and plans : bFrom earliest times to the advent of European survey  aNew Delhi: bManohar, c1989 a206p. aGeography aMaps